Statistics for Survivor Winners of Seasons Past

Click here to take the quiz!

General Stats

  • This quiz has been taken 1,085 times
    (1,066 since last reset)
  • The average score is 20 of 24

Answer Stats

SeasonLocation/EditionSole Survivor% Correct
1BorneoRichard Hatch
97%
22Redemption IslandRob Mariano
95%
20Heroes vs VilliansSandra Diaz-Twine
93%
7Pearl IslandsSandra Diaz-Twine
93%
16Micronesia - Fans vs FavoritesParvati Shallow
91%
2Australian OutbackTina Wesson
91%
8All StarsAmber Brkich
89%
3AfricaEthan Zohn
86%
18TocantinsJames "J.T." Thomas, Jr.
85%
13Cook IslandsYul Kwon
84%
24One WorldKim Spradlin
82%
10PalauTom Westman
81%
19SamoaNatalie White
79%
17GabonRobert "Bob" Crowley
79%
15ChinaTodd Herzog
79%
6AmazonJenna Morasca
78%
21NicaraguaJud "Fabio" Birzasurvived
77%
12Panama - Exile IslandAras Baskauskas
74%
23South PacificSophie Clarke
74%
14FijiEarl Cole
73%
4MarquesasVecepia Towery
73%
5ThailandBrian Heidik
71%
11Guatemala - The Mayan EmpireDanni Boatwright
70%
9Vanuatu - Islands of FireChris Daugherty
69%

Score Distribution

Percentile by Number Answered

Percent of People with Each Score

Your Score History

You have not taken this quiz since the last reset